书目信息 |
| 题名: |
中学历史教学法
|
|
| 作者: | 于友西 主编 | |
| 分册: | ||
| 出版信息: | 北京 高等教育出版社 1988 |
|
| 页数: | 348页 | |
| 开本: | 20cm | |
| 丛书名: | ||
| 单 册: | ||
| 中图分类: | G633.51 | |
| 科图分类: | ||
| 主题词: | 历史课--各级 | |
| 电子资源: | ||
| ISBN: | 7-04-001625-7 | |
| 000 | 00522nam0 2200181 45 | |
| 001 | 0207011064 | |
| 005 | 20070719173841.28 | |
| 010 | @a7-04-001625-7@dCNY4.15 | |
| 100 | @a20020701e1988 km y0chiy0120 ea | |
| 101 | 0 | @achi |
| 200 | 1 | @a中学历史教学法@AZhong Xue Li Shi Jiao Xue Fa@f于友西主编@FYu You Xi Zhu Bian |
| 210 | @a北京@c高等教育出版社@d1988 | |
| 215 | @a348页@d20cm | |
| 606 | 0 | @a历史课@x各级 |
| 690 | @aG633.51@v4 | |
| 701 | 0 | @a于友西@4主编 |
| 801 | @aCN@bPftUser@c20070719 | |
| 905 | @f3@b250696-698@dG633.51@e114 | |
| 中学历史教学法/于友西主编.-北京:高等教育出版社,1988 |
| 348页;20cm |
| ISBN 7-04-001625-7:CNY4.15 |
| ● |
| 相关链接 |
|
|
|
|
正题名:中学历史教学法
索取号:G633.51/114
 
预约/预借
| 序号 | 登录号 | 条形码 | 馆藏地/架位号 | 状态 | 备注 |
| 1 | 0250696 | 000604162 | 密集书库/ [索取号:G633.51/114] | 在馆 | |
| 2 | 0250697 | 000604153 | 密集书库/ [索取号:G633.51/114] | 在馆 | |
| 3 | 0250698 | 000604144 | 密集书库/ [索取号:G633.51/114] | 在馆 | |
| 4 | 0250699 | 000604135 | 第一样本阅览室/ [索取号:G633.51/114] | 在馆 | |
| 5 | 0504025 | 205040258 | 密集书库/ [索取号:G633.51/114] | 在馆 | |
| 6 | 0767805 | 207678057 | 密集书库/ [索取号:G633.51/114] | 在馆 |